PEDIATRIC DENTISTRY (Record no. 3857)

MARC details
000 -LEADER
fixed length control field 00334nam a2200145Ia 4500
008 - FIXED-LENGTH DATA ELEMENTS--GENERAL INFORMATION
fixed length control field 150201s2005 xx 000 0 und d
082 ## - DEWEY DECIMAL CLASSIFICATION NUMBER
Classification number 617.645
Item number P2005P
100 ## - MAIN ENTRY--PERSONAL NAME
Personal name PHINKHAM
245 ## - TITLE STATEMENT
Title PEDIATRIC DENTISTRY
250 ## - EDITION STATEMENT
Edition statement 4TH
260 ## - PUBLICATION, DISTRIBUTION, ETC. (IMPRINT)
Name of publisher, distributor, etc. ELSEVIER
Place of publication, distribution, etc. DELHI
Date of publication, distribution, etc. 2005
300 ## - PHYSICAL DESCRIPTION
Extent 1-750
650 ## - SUBJECT ADDED ENTRY--TOPICAL TERM
Topical term or geographic name as entry element PEDODONTICS
942 ## - ADDED ENTRY ELEMENTS (KOHA)
Source of classification or shelving scheme Dewey Decimal Classification
Koha item type Books
Koha issues (borrowed), all copies 1
Holdings
Withdrawn status Lost status Source of classification or shelving scheme Damaged status Not for loan Home library Current library Date acquired Source of acquisition Cost, normal purchase price Serial Enumeration / chronology SGTU Bill Number Total Checkouts Full call number Barcode Date last seen Bill Date Koha item type Date last checked out
    Dewey Decimal Classification     SGT Dental Library SGT Dental Library 16/01/2008 DELHI BOOK STORE 1295.00 1 SGTU 1561   617.645 P2005P FD4783 09/02/2015 15/12/2012 Books  
    Dewey Decimal Classification     SGT Dental Library SGT Dental Library 16/01/2008 DELHI BOOK STORE 1295.00 1 SGTU 1561 2 617.645 P2005P FD4784 07/01/2019 15/12/2012 Books 17/12/2018
    Dewey Decimal Classification     SGT Dental Library SGT Dental Library 16/01/2008 DELHI BOOK STORE 1295.00 1 SGTU 1561   617.645 P2005P FD4785 09/02/2015 15/12/2012 Books  
    Dewey Decimal Classification     SGT Dental Library SGT Dental Library 16/01/2008 DELHI BOOK STORE 1295.00 1 SGTU 1561 2 617.645 P2005P FD4786 29/11/2023 15/12/2012 Books 15/11/2023